| 000 | 00482nam a22001697a 4500 | ||
|---|---|---|---|
| 999 |
_c7446 _d7444 |
||
| 005 | 20210825115849.0 | ||
| 008 | 210218b ||||| |||| 00| 0 eng d | ||
| 020 | _a978-93-88194-14-3 | ||
| 041 | _aeng | ||
| 082 | _a615.19 | ||
| 100 |
_aDAS, DR. KUNTAL _96604 |
||
| 245 |
_aA TEXTBOOK OF PHARMACEUTICAL MICROBIOLOGY: _bas per pci regulation second year b.pharma . semester [iii] |
||
| 260 |
_aPUNE _bNIRALI PRAKASHAN |
||
| 300 | _aR.2, p | ||
| 650 |
_aPHARMACY _96605 |
||
| 942 | _cBK | ||